[Event "FRA-chT1 1011"]
[Site "France"]
[Date "2010.11.14"]
[Round "3.2"]
[White "Jolly, Jean Francois"]
[Black "Voisembert, Alain"]
[Result "1/2-1/2"]
[WhiteElo "2374"]
[BlackElo "2093"]
[PlyCount "92"]
[EventDate "2010.10.17"]
[EventType "team-tourn"]
[EventRounds "11"]
[EventCountry "FRA"]
[SourceTitle "EXT 2012"]
[Source "ChessBase"]
[SourceDate "2011.11.24"]
[SourceVersion "1"]
[SourceVersionDate "2011.11.24"]
[SourceQuality "1"]

1. d4 Nf6 2. c4 e6 3. g3 d5 4. Bg2 Be7 5. Nf3 0-0 6. 0-0 Nbd7 7. b3 c5 8. cxd5 Nxd5 9. Bb2 cxd4 10. Nxd4 Bf6 11. Nd2 N7b6 12. Ne4 Be7 13. Rc1 Bd7 14. Nc5 Bxc5 15. Rxc5 Rc8 16. Rxc8 Nxc8 17. Qd2 Nce7 18. e4 Nf6 19. Qb4 b6 20. Rc1 e5 21. Nb5 a5 22. Qc4 Qb8 23. Qc7 Qxc7 24. Rxc7 Rc8 25. Rxc8+ Nxc8 26. Na3 Bc6 27. Bh3 Bd7 28. Bg2 Bc6 29. Bxe5 Bxe4 30. Bxf6 Bxg2 31. Kxg2 gxf6 32. Nc4 Kg7 33. Kf3 f5 34. Kf4 Kf6 35. h4 h6 36. a4 Ke6 37. h5 Kf6 38. Ne3 Ne7 39. g4 fxg4 40. Nxg4+ Ke6 41. Nxh6 f5 42. Kg5 Ke5 43. f4+ Ke6 44. Ng8 Nxg8 45. h6 Nf6 46. Kg6 Nh7 1/2-1/2

[Event "FRA-chT1B 0809"]
[Site "France"]
[Date "2009.02.07"]
[Round "6.7"]
[White "Couche, Didier"]
[Black "Voisembert, Alain"]
[Result "1/2-1/2"]
[WhiteElo "2139"]
[BlackElo "2093"]
[PlyCount "82"]
[EventDate "2008.10.19"]
[EventType "tourn"]
[EventRounds "11"]
[EventCountry "FRA"]
[SourceTitle "EXT 2010"]
[Source "ChessBase"]
[SourceDate "2010.11.25"]
[SourceVersion "1"]
[SourceVersionDate "2010.11.25"]
[SourceQuality "1"]
[WhiteTeam "Cappelle la Grande"]
[BlackTeam "Niort"]
[WhiteTeamCountry "FRA"]
[BlackTeamCountry "FRA"]

1. d4 Nf6 2. c4 e6 3. Nf3 c5 4. d5 exd5 5. cxd5 d6 6. Nc3 Be7 7. e4 0-0 8. Be2 Nbd7 9. 0-0 h6 10. Qc2 Re8 11. Bf4 Nh5 12. Be3 Nhf6 13. h3 a6 14. a4 Nf8 15. Nd2 b6 16. Bf4 Bb7 17. Bh2 Ng6 18. Rfe1 Bf8 19. Rad1 Nd7 20. f4 Be7 21. Nc4 Qb8 22. Bg4 Bc8 23. e5 b5 24. e6 Ndf8 25. exf7+ Kxf7 26. f5 bxc4 27. fxg6+ Kg8 28. Qf2 Bxg4 29. Qf7+ Kh8 30. hxg4 Qxb2 31. Bxd6 Bxd6 32. Rxe8 Rxe8 33. Qxe8 Qxc3 34. Rf1 Qd4+ 35. Kh1 Qxd5 36. Rxf8+ Bxf8 37. Qxf8+ Qg8 38. Qxc5 Qe6 39. Qf8+ Qg8 40. Qc5 Qe6 41. Qf8+ Qg8 1/2-1/2

[Event "FRA-chT1A 0708"]
[Site "France"]
[Date "2008.03.16"]
[Round "9.6"]
[White "Voisembert, Alain"]
[Black "Lagarde, Maxime"]
[Result "0-1"]
[WhiteElo "2127"]
[BlackElo "2268"]
[PlyCount "50"]
[EventDate "2007.10.21"]
[EventType "team-tourn"]
[EventRounds "11"]
[EventCountry "FRA"]
[SourceTitle "EXT 2009"]
[Source "ChessBase"]
[SourceDate "2008.11.26"]
[SourceVersion "1"]
[SourceVersionDate "2008.11.26"]
[SourceQuality "1"]
[WhiteTeam "Niort"]
[BlackTeam "Clichy II"]
[WhiteTeamCountry "FRA"]
[BlackTeamCountry "FRA"]

1. e4 c5 2. Nf3 d6 3. e5 dxe5 4. Nxe5 a6 5. Nc3 e6 6. b3 Qc7 7. Nf3 Nf6 8. Bd3 b5 9. Ne4 Nd5 10. Bb2 Nd7 11. c4 Nf4 12. Bf1 Bb7 13. d3 f5 14. Ned2 e5 15. Qc2 Be7 16. g3 Ne6 17. Bg2 0-0 18. 0-0 Bf6 19. Rfe1 Rae8 20. cxb5 axb5 21. a4 g5 22. Nxe5 Bxe5 23. Bxb7 Bxb2 24. Qxb2 Qxb7 25. axb5 Nd4 0-1

[Event "FRA-chT1A 0708"]
[Site "France"]
[Date "2008.02.09"]
[Round "6.6"]
[White "Voisembert, Alain"]
[Black "Couche, Didier"]
[Result "1/2-1/2"]
[WhiteElo "2127"]
[BlackElo "2122"]
[PlyCount "120"]
[EventDate "2007.10.21"]
[EventType "team-tourn"]
[EventRounds "11"]
[EventCountry "FRA"]
[SourceTitle "EXT 2009"]
[Source "ChessBase"]
[SourceDate "2008.11.26"]
[SourceVersion "1"]
[SourceVersionDate "2008.11.26"]
[SourceQuality "1"]
[WhiteTeam "Niort"]
[BlackTeam "Cappelle la Grande"]
[WhiteTeamCountry "FRA"]
[BlackTeamCountry "FRA"]

1. e4 e6 2. Nf3 d5 3. e5 c5 4. b4 c4 5. c3 a5 6. b5 Nd7 7. d3 cxd3 8. Bxd3 g6 9. 0-0 Bg7 10. Re1 Ne7 11. a4 0-0 12. Ra2 b6 13. Rae2 Bb7 14. Bg5 h6 15. Bc1 Rc8 16. Ba3 Nc5 17. Bc2 Qc7 18. Nd4 Rfd8 19. f3 Rd7 20. Qd2 Qd8 21. g4 Rcc7 22. Qf4 Qe8 23. Qg3 Kh8 24. Bc1 Ng8 25. Qh3 Qe7 26. Re3 Rd8 27. Ne2 Rdc8 28. Ng3 d4 29. cxd4 Nd7 30. Ba3 Qd8 31. Be4 Bf8 32. Bxb7 Rxb7 33. Ne4 Rbc7 34. Bxf8 Qxf8 35. Nd6 Rd8 36. Qh4 Ndf6 37. Rc3 Rcd7 38. Rc6 Nd5 39. Nd2 Nge7 40. N2e4 Qg7 41. Nf6 Nxc6 42. bxc6 Rxd6 43. exd6 Qxf6 44. g5 Qxg5+ 45. Qxg5 hxg5 46. c7 Nxc7 47. dxc7 Rc8 48. Rc1 Kg7 49. Kf2 Kf8 50. Ke3 Ke7 51. Rc6 Kd7 52. Rxb6 Rxc7 53. Rb5 Ke7 54. Rxg5 Rc3+ 55. Kf2 Rc4 56. Rxa5 Rxd4 57. Kg3 Kf6 58. h4 Rb4 59. Ra7 Rc4 60. Kh3 Rb4 1/2-1/2

[Event "FRA-chT2A 0506"]
[Site "France"]
[Date "2006.01.15"]
[Round "6.7"]
[White "Murie, Eric"]
[Black "Voisembert, Alain"]
[Result "1-0"]
[WhiteElo "2070"]
[BlackElo "2121"]
[PlyCount "63"]
[EventDate "2005.10.27"]
[EventType "team-tourn"]
[EventRounds "11"]
[EventCountry "FRA"]
[SourceTitle "EXT 2006"]
[Source "ChessBase"]
[SourceDate "2005.11.24"]
[SourceVersion "1"]
[SourceVersionDate "2005.11.24"]
[SourceQuality "1"]
[WhiteTeam "Nantes"]
[BlackTeam "Niort"]
[WhiteTeamCountry "FRA"]
[BlackTeamCountry "FRA"]

1. e4 c5 2. Nf3 Nc6 3. Bb5 g6 4. Bxc6 bxc6 5. 0-0 Bg7 6. Re1 d6 7. h3 e6 8. c3 Ne7 9. d4 cxd4 10. cxd4 0-0 11. Bg5 Rb8 12. Qc2 Qd7 13. Nbd2 Bb7 14. Nb3 Rfc8 15. Qd2 Ba8 16. Rab1 Rb5 17. Nc1 c5 18. a4 Rb6 19. dxc5 Rxc5 20. Be3 Rxc1 21. Rbxc1 Rxb2 22. Qd3 Bc6 23. Rb1 Ra2 24. Rb8+ Bf8 25. Bh6 Nc8 26. Bxf8 Kxf8 27. Qa6 Ke7 28. Qxc8 Qxc8 29. Rxc8 Bd7 30. Rc7 Rxa4 31. Rb1 Kd8 32. Rbb7 1-0

[Event "FRA-chT2A 0506"]
[Site "France"]
[Date "2005.11.20"]
[Round "3.7"]
[White "Voisembert, Alain"]
[Black "Lefebvre, Jeremie"]
[Result "1-0"]
[WhiteElo "2121"]
[BlackElo "1903"]
[PlyCount "85"]
[EventDate "2005.10.27"]
[EventType "team-tourn"]
[EventRounds "11"]
[EventCountry "FRA"]
[SourceTitle "EXT 2006"]
[Source "ChessBase"]
[SourceDate "2005.11.24"]
[SourceVersion "1"]
[SourceVersionDate "2005.11.24"]
[SourceQuality "1"]
[WhiteTeam "Niort"]
[BlackTeam "Bordeaux Echecs"]
[WhiteTeamCountry "FRA"]
[BlackTeamCountry "FRA"]

1. e4 c5 2. Nf3 Nc6 3. d4 cxd4 4. Nxd4 Nf6 5. Nc3 e5 6. Ndb5 d6 7. Bg5 a6 8. Na3 b5 9. Nd5 Be7 10. Bxf6 Bxf6 11. c3 Ne7 12. c4 Qa5+ 13. Qd2 Qxd2+ 14. Kxd2 Nxd5 15. cxd5 Bd7 16. Nc2 0-0 17. Bd3 Rfc8 18. Rhc1 Rc7 19. Ne3 Rac8 20. Rxc7 Rxc7 21. a4 g6 22. axb5 axb5 23. Ra6 Rb7 24. Rxd6 Bg5 25. Ra6 f5 26. Ke2 fxe4 27. Bxe4 b4 28. Bd3 Kg7 29. d6 e4 30. Bc4 Bf6 31. b3 Be5 32. Nd5 Bd4 33. h3 g5 34. f3 exf3+ 35. Kxf3 h5 36. Ke4 Bf2 37. Ne3 Kf6 38. Nd5+ Kg7 39. Ra8 Bg3 40. Ba6 Bxh3 41. Bxb7 Bxg2+ 42. Kf5 Bh4 43. Ne3 1-0